000 00384cam a22001217a 4500
008 180718b1988 xxu||||| |||| 00| 0 eng d
082 _aA81x54 In2/81/1/Pt 8 A & B/1
100 _aCensus of India 1981
245 _aIndia: household tables
260 _aDelhi
_bController of Publications
_c1988
300 _a856p.
440 _aCensus of India 1981. Series-1, India. Part-VIII A & B (i)
999 _c481865
_d481865